000 00449nam a22001577a 4500
005 20251108172343.0
008 250721s1978 xx 000 0 eng d
082 1 4 _a913.565/MAn
100 1 _aMaurer, Jorg-peter
245 1 0 _aPetra :
_bFruhe felsarchitektur in jordanian Eraly Monuments in the Cliffs of Jordan /
264 1 _aHamburg :
_bTouristbuch,
_c1978.
650 1 7 _aJordan
650 1 7 _aAntiquities
942 _2ddc
_cBK
999 _c77059
_d77059